00709nam a2200145Ia 4500008004100000020001800041082002500059110003600084245003300120250000700153260002300160300001100183505026800194650010100462120622s9999 xx 000 0 und d a968-24-3159-X a343.04072 M611p 1989 aMéxico. Leyes, decretos, etc. aProntuario de leyes fiscales a15 aMéxico : Trillas a856 p. aContenido: Ley del impuesto sobre la renta y su reglamento. -- Ley del IVA y su reglamento.-- Código fiscal de la federación y su reglamento. -- Ley orgánica del tribunal fiscal de la federación. -- Reglamento interior de la SH y CP. -- Ley de impuesto so a1. DERECHO FISCAL - LEGISLACION - MEXICO \ 2. RECAUDACION DE IMPUESTOS - LEGISLACION - MEXICOÌ